| 000 | 00575nam a2200181 i 4500 | ||
|---|---|---|---|
| 001 | 134053 | ||
| 003 | ES-MaACL | ||
| 005 | 20230906194604.0 | ||
| 007 | t| | ||
| 008 | 070905s1958 sp ||||1| spa d | ||
| 100 | 1 |
_aWardropper, Bruce W. _9178592 |
|
| 245 | 1 | 0 |
_aHistoria de la poesía lírica a lo divino en la cristiandad occidental / _cBruce W. Wardropper. |
| 260 |
_aMadrid : _bRevista de Occidente, _c[1958] |
||
| 300 |
_aVIII, 344 p. ; _c18 cm. |
||
| 650 | 4 |
_aPoesía cristiana- _xHistoria y crítica. _9170537 |
|
| 852 |
_aES-MaACL _jC-15573 |
||
| 999 |
_c134053 _d134053 |
||